Investigación de mercados.
Zapisane w:
| 1. autor: | |
|---|---|
| Kolejni autorzy: | |
| Format: | Nieznany |
| Język: | angielski |
| Wydane: |
Ciudad de México, México:
Pearson,
2020.
|
| Wydanie: | Sexta edición. |
| Hasła przedmiotowe: | |
| Etykiety: |
Dodaj etykietę
Nie ma etykietki, Dołącz pierwszą etykiete!
|
MARC
| LEADER | 00000 a2200000 4500 | ||
|---|---|---|---|
| 003 | CL-VaPUC | ||
| 005 | 20240412085454.0 | ||
| 008 | 220609b2020 ||||| |||| 00| 0 eng d | ||
| 999 | |c 435332 |d 435330 | ||
| 020 | |a 978-607-32-5075-7 | ||
| 040 | |c Pontificia Universidad Católica de Valparaíso | ||
| 082 | 7 | |a 658.8 MAL 2020 |2 22 | |
| 100 | |a Malhotra, Naresh K. |9 531822 |e autor | ||
| 245 | |a Investigación de mercados. | ||
| 250 | |a Sexta edición. | ||
| 260 | |a Ciudad de México, México: |b Pearson, |c 2020. | ||
| 300 | |a 663 páginas | ||
| 583 | |k Cristina María Rojas Aguilar |c 20220609 | ||
| 650 | |a Análisis de mercado |9 260838 | ||
| 650 | |a Marketing |9 259324 | ||
| 650 | 0 | |a Proyectos de investigación |9 259727 | |
| 650 | 0 | |a Gestión de empresas |9 886521 |x Proceso de datos | |
| 650 | 0 | |a Muestreo (Estadística) |9 270232 | |
| 700 | |a Campos Olguín, Víctor |e traductor |9 870456 | ||
| 942 | |2 ddc |c BK | ||
| 952 | |0 0 |1 0 |2 ddc |4 0 |6 658_800000000000000_MAL_2020 |7 0 |8 A |9 583546 |a BIBENE |b BIBENE |c RES |d 2022-06-09 |e 3 |g 48918.00 |i 5651679 |l 11 |o 658.8 MAL 2020 |p 5651679 |r 2025-03-12 |s 2025-03-12 |t 4 |v 48918.00 |w 2022-06-09 |y BK_R |k ICO | ||
| 952 | |0 0 |1 0 |2 ddc |4 0 |6 658_800000000000000_MAL_2020 |7 0 |8 A |9 583547 |a BIBENE |b BIBENE |c RES |d 2022-06-09 |e 3 |g 48918.00 |i 5651677 |l 10 |o 658.8 MAL 2020 |p 5651677 |r 2025-03-17 |s 2025-03-13 |t 2 |v 48918.00 |w 2022-06-09 |y BK_R |k ICO | ||
| 952 | |0 0 |1 0 |2 ddc |4 0 |6 658_800000000000000_MAL_2020 |7 0 |8 A |9 583548 |a BIBENE |b BIBENE |c RES |d 2022-06-09 |e 3 |g 48918.00 |i 5651680 |l 22 |m 2 |o 658.8 MAL 2020 |p 5651680 |r 2025-04-01 |s 2025-04-01 |t 5 |v 48918.00 |w 2022-06-09 |y BK_R |k ICO | ||
| 952 | |0 0 |1 0 |2 ddc |4 0 |6 658_800000000000000_MAL_2020 |7 0 |8 A |9 583549 |a BIBENE |b BIBENE |c RES |d 2022-06-09 |e 3 |g 48918.00 |i 5651678 |l 9 |o 658.8 MAL 2020 |p 5651678 |r 2025-03-28 |s 2025-03-26 |t 3 |v 48918.00 |w 2022-06-09 |y BK_R |k ICO | ||
| 952 | |0 0 |1 0 |2 ddc |4 0 |6 658_800000000000000_MAL_2020 |7 0 |8 A |9 583550 |a BIBENE |b BIBENE |c RES |d 2022-06-09 |e 3 |g 48918.00 |i 5651676 |l 18 |o 658.8 MAL 2020 |p 5651676 |r 2025-04-09 |s 2025-04-07 |t 1 |v 48918.00 |w 2022-06-09 |y BK_R |k ICO | ||